[Event "SV Erkenschwick 2 - SV Ahlen 1"]
[Site "Verbandsliga - Gruppe 1 2018/"]
[Date "2019.01.20"]
[Round "5.5"]
[White "Woestmann, Ulrich"]
[Black "Schawacht, Max"]
[Result "1-0"]
[WhiteElo "1967"]
[BlackElo "1869"]
[PlyCount "75"]
[EventDate "2019.??.??"]

1. e4 e5 2. Nf3 Nc6 3. Bc4 Bc5 4. d3 Nf6 5. c3 O-O 6. b4 Be7 7. O-O a6 8. Re1
d6 9. h3 b5 10. Bb3 a5 11. Bd2 Nh5 12. Bd5 Ra6 13. a4 axb4 14. cxb4 Na7 15. Nc3
c6 16. axb5 Rxa1 17. Qxa1 Nxb5 18. Bxc6 Nxc3 19. Qxc3 Nf4 20. Bxf4 exf4 21. d4
Qb6 22. b5 Bf6 23. Qd2 g5 24. e5 dxe5 25. Nxe5 Rd8 26. Qa2 Bxe5 27. Rxe5 Kg7
28. Re7 Rf8 29. Qa7 Qd8 30. d5 Kf6 31. Re1 g4 32. Qd4+ Kg6 33. Qxf4 gxh3 34.
Re3 h6 35. d6 hxg2 36. Rg3+ Kh7 37. d7 Bxd7 38. Qd4 1-0

[Event "SV Erkenschwick 2 - SV Ahlen 1"]
[Site "Verbandsliga - Gruppe 1 2018/"]
[Date "2019.01.20"]
[Round "5.6"]
[White "Broksch, Dirk"]
[Black "Busche, Klaus"]
[Result "0-1"]
[WhiteElo "1847"]
[BlackElo "1927"]
[PlyCount "122"]
[EventDate "2019.??.??"]

1. d4 d5 2. Nf3 Nc6 3. Bf4 Bg4 4. Nbd2 e6 5. c3 Nf6 6. Qb3 Rb8 7. e3 Bd6 8. Bg5
h6 9. Bh4 Bf5 10. Bg3 O-O 11. Be2 Ne4 12. Nxe4 Bxe4 13. O-O Qd7 14. Nd2 Bh7 15.
Qa4 a6 16. b4 Rfd8 17. Qb3 Bxg3 18. hxg3 Qe7 19. Rfe1 Qg5 20. b5 axb5 21. Qxb5
Qe7 22. a4 Na7 23. Qb2 b6 24. Nb3 Nc6 25. Rec1 Na5 26. Ra3 c5 27. Nxa5 bxa5 28.
Rb3 Rxb3 29. Qxb3 Qc7 30. c4 cxd4 31. exd4 Rb8 32. Qa3 dxc4 33. Rxc4 Qd8 34.
Qc3 Be4 35. Rc5 Rb1+ 36. Kh2 Qf6 37. f3 Bf5 38. Rc8+ Kh7 39. f4 Rb4 40. Rc4
Rxc4 41. Bxc4 Qd8 42. Kg1 h5 43. Be2 g6 44. Kf2 Qd5 45. Qc4 Qxc4 46. Bxc4 Be4
47. Be2 Kg7 48. Bf3 Bc2 49. Bc6 Kf6 50. Ke3 Ke7 51. Kd2 Bb3 52. Kc3 Bd5 53.
Bxd5 exd5 54. Kd3 Kf6 55. g4 hxg4 56. g3 Kf5 57. Ke3 g5 58. fxg5 Kxg5 59. Ke2
f5 60. Ke3 f4+ 61. gxf4+ Kf5 0-1

[Event "SV Erkenschwick 2 - SV Ahlen 1"]
[Site "Verbandsliga - Gruppe 1 2018/"]
[Date "2019.01.20"]
[Round "5.7"]
[White "Starp, Klaus"]
[Black "Stötzel, Martin"]
[Result "1-0"]
[WhiteElo "1906"]
[BlackElo "1756"]
[PlyCount "93"]
[EventDate "2019.??.??"]

1. e4 e5 2. Nc3 Nf6 3. g3 Nc6 4. Bg2 Bc5 5. d3 h6 6. Nf3 d6 7. O-O Bg4 8. h3
Be6 9. Na4 Qd7 10. Nxc5 dxc5 11. Kh2 O-O-O 12. Be3 Qe7 13. Qe2 g5 14. a3 Nd7
15. c3 Rdg8 16. d4 exd4 17. cxd4 g4 18. d5 gxf3 19. Bxf3 Nce5 20. dxe6 Nxf3+
21. Qxf3 Qxe6 22. Rac1 b6 23. Bf4 Ne5 24. Bxe5 Qxe5 25. Qxf7 Qxe4 26. Rfe1 Qg6
27. Re7 Qxf7 28. Rxf7 Rf8 29. Rxf8+ Rxf8 30. f4 Kd7 31. Kg2 Ke6 32. Rd1 b5 33.
Kf3 c4 34. g4 a5 35. h4 Rb8 36. Ke4 Kf6 37. g5+ hxg5 38. hxg5+ Kg6 39. Rd5 Rb6
40. Rc5 Rb7 41. Rc6+ Kg7 42. f5 Kf7 43. Ke5 Kf8 44. f6 Kf7 45. Kf5 Kf8 46. g6
Kg8 47. Ra6 1-0

[Event "SV Erkenschwick 2 - SV Ahlen 1"]
[Site "Verbandsliga - Gruppe 1 2018/"]
[Date "2019.01.20"]
[Round "5.8"]
[White "Heuver, Stefan"]
[Black "Dreesbach, Harald"]
[Result "1/2-1/2"]
[WhiteElo "1715"]
[BlackElo "1770"]
[PlyCount "56"]
[EventDate "2019.??.??"]

1. e4 c5 2. Nc3 Nc6 3. g3 g6 4. Bg2 Bg7 5. d3 d6 6. Be3 e6 7. Qd2 Nge7 8. Bh6
Bf6 9. Nge2 Nd4 10. Nd1 Nxe2 11. Qxe2 Nc6 12. c3 Bd7 13. O-O Bg5 14. Bxg5 Qxg5
15. f4 Qe7 16. Ne3 O-O 17. Rae1 Rae8 18. Qd2 f6 19. f5 Nd8 20. fxe6 Bxe6 21. a3
Qd7 22. Rf2 Kg7 23. d4 b6 24. dxc5 dxc5 25. Rd1 Qxd2 26. Rfxd2 Nf7 27. Nd5 Bg4
28. Rf1 Ne5 1/2-1/2

[Event "SG Gladbeck 1 - Dortmunder SV 1"]
[Site "Verbandsliga - Gruppe 2 2018/"]
[Date "2019.01.20"]
[Round "5.1"]
[White "Wichtrup, Jan-Louis"]
[Black "Mancic, Ivan"]
[Result "0-1"]
[WhiteElo "2010"]
[BlackElo "2194"]
[PlyCount "72"]
[EventDate "2019.??.??"]

1. d4 Nf6 2. c4 g6 3. Nc3 d5 4. Bg5 Bg7 5. Bxf6 Bxf6 6. cxd5 O-O 7. Rc1 c5 8.
dxc6 Nxc6 9. e3 Bf5 10. Bd3 Qd7 11. Bxf5 Qxf5 12. Nf3 Rfd8 13. Qe2 g5 14. O-O
g4 15. Nd2 Qg6 16. f3 g3 17. hxg3 Qxg3 18. Nde4 Qg6 19. f4 Kh8 20. f5 Qh6 21.
Nxf6 exf6 22. Qf3 Rg8 23. Ne4 Rae8 24. Rc3 Qh4 25. Nd6 Re7 26. Rd1 Rg3 27. Qf2
Qg4 28. Rd2 h5 29. Qf4 Qg7 30. e4 Rg4 31. Qh2 Qg5 32. Rh3 h4 33. Rc2 Nxd4 34.
Rc8+ Kg7 35. Rd3 Ne2+ 36. Kf2 Nf4 0-1

[Event "SG Gladbeck 1 - Dortmunder SV 1"]
[Site "Verbandsliga - Gruppe 2 2018/"]
[Date "2019.01.20"]
[Round "5.2"]
[White "Hassenrueck, Helmut"]
[Black "Zeldin, Leonid"]
[Result "1-0"]
[WhiteElo "2093"]
[BlackElo "2072"]
[PlyCount "50"]
[EventDate "2019.??.??"]

1. d4 Nf6 2. Nf3 e6 3. c4 d5 4. Nc3 c5 5. e3 Nc6 6. a3 cxd4 7. exd4 Be7 8. c5
a5 9. Bb5 Bd7 10. O-O b6 11. Bxc6 Bxc6 12. Ne5 Bb7 13. Qa4+ Kf8 14. c6 Ba6 15.
Re1 Bd6 16. Bf4 Ne8 17. Rac1 f6 18. Nd7+ Kf7 19. Bxd6 Nxd6 20. c7 Qxc7 21. Nxd5
Qd8 22. Qc6 Ra7 23. N5xb6 Bb5 24. Qxd6 Bxd7 25. d5 Re8 1-0

[Event "SG Gladbeck 1 - Dortmunder SV 1"]
[Site "Verbandsliga - Gruppe 2 2018/"]
[Date "2019.01.20"]
[Round "5.3"]
[White "Mallee, Ralph"]
[Black "Frohne, Gerd"]
[Result "0-1"]
[WhiteElo "2073"]
[BlackElo "2046"]
[PlyCount "68"]
[EventDate "2019.??.??"]

1. e4 e6 2. d4 d5 3. Nd2 Nf6 4. e5 Nfd7 5. Bd3 c5 6. c3 Nc6 7. Ne2 cxd4 8. cxd4
f6 9. exf6 Nxf6 10. Nf3 Bd6 11. O-O Qc7 12. Nc3 a6 13. Be3 O-O 14. Rc1 Bd7 15.
Re1 Rae8 16. h3 Qb8 17. a3 Re7 18. b4 b5 19. Qb3 Kh8 20. Qb1 Be8 21. Ng5 h6 22.
Nh7 Nxh7 23. Bxh7 a5 24. Na2 Ra7 25. Bd3 Bd7 26. Re2 Qb6 27. Qb2 Rfa8 28. Rec2
axb4 29. Nxb4 Na5 30. Rc3 Nc4 31. Qe2 Rxa3 32. Qg4 Rxc3 33. Bxh6 gxh6 34. Re1
Bxb4 0-1

[Event "SG Gladbeck 1 - Dortmunder SV 1"]
[Site "Verbandsliga - Gruppe 2 2018/"]
[Date "2019.01.20"]
[Round "5.4"]
[White "Berg, Dietmar"]
[Black "Wittmann, Rainer"]
[Result "1/2-1/2"]
[WhiteElo "1965"]
[BlackElo "2013"]
[PlyCount "40"]
[EventDate "2019.??.??"]

1. d4 c5 2. c3 e6 3. Nf3 Nf6 4. e3 b6 5. Bd3 Bb7 6. Nbd2 Nc6 7. O-O Rc8 8. Qe2
Be7 9. Rd1 O-O 10. Ne5 Qc7 11. f4 d6 12. Ng4 Nxg4 13. Qxg4 f5 14. Qh3 d5 15.
Nf3 g6 16. Bd2 h5 17. Ne5 Nxe5 18. fxe5 Kf7 19. Rf1 Ke8 20. Be2 Kd7 1/2-1/2

[Event "SG Gladbeck 1 - Dortmunder SV 1"]
[Site "Verbandsliga - Gruppe 2 2018/"]
[Date "2019.01.20"]
[Round "5.5"]
[White "Huettemann, Karl-Heinz"]
[Black "Holtkamp, Matthias"]
[Result "1/2-1/2"]
[WhiteElo "2006"]
[BlackElo "1918"]
[PlyCount "33"]
[EventDate "2019.??.??"]

1. c4 Nf6 2. Nc3 c5 3. g3 Nc6 4. Bg2 g6 5. e4 Bg7 6. Nge2 O-O 7. O-O d6 8. d3
Bd7 9. h3 a6 10. Be3 Rb8 11. a4 Ne8 12. Rb1 Nc7 13. d4 cxd4 14. Nxd4 Nxd4 15.
Bxd4 Bxd4 16. Qxd4 Qc8 17. Kh2 1/2-1/2

[Event "SG Gladbeck 1 - Dortmunder SV 1"]
[Site "Verbandsliga - Gruppe 2 2018/"]
[Date "2019.01.20"]
[Round "5.6"]
[White "Rickert, Stefan"]
[Black "Brockmann, Fabian"]
[Result "1/2-1/2"]
[WhiteElo "1903"]
[BlackElo "1951"]
[PlyCount "29"]
[EventDate "2019.??.??"]

1. e4 c5 2. Nf3 g6 3. Bc4 Bg7 4. O-O Nf6 5. e5 Ng8 6. d4 cxd4 7. c3 d5 8. Bb5+
Bd7 9. Bxd7+ Qxd7 10. cxd4 e6 11. b4 a5 12. bxa5 Nc6 13. Nc3 Nxa5 14. a4 Ne7
15. Nb5 1/2-1/2

[Event "SG Gladbeck 1 - Dortmunder SV 1"]
[Site "Verbandsliga - Gruppe 2 2018/"]
[Date "2019.01.20"]
[Round "5.7"]
[White "Kantor, Daniel"]
[Black "Wenzel, Martin"]
[Result "1-0"]
[WhiteElo "1888"]
[BlackElo "1943"]
[PlyCount "63"]
[EventDate "2019.??.??"]

1. e4 c6 2. d4 d5 3. Nc3 dxe4 4. Nxe4 Bf5 5. Ng3 Bg6 6. Nf3 Nd7 7. Bc4 e6 8.
O-O Qc7 9. c3 Be7 10. Re1 O-O-O 11. b4 h5 12. a4 h4 13. Ne4 e5 14. b5 exd4 15.
bxc6 Qxc6 16. Bb5 Qd5 17. c4 Qh5 18. c5 Ngf6 19. Nxf6 Bxf6 20. c6 Nb6 21. Bf4
Nd5 22. Qc1 Nxf4 23. cxb7+ Kb8 24. Qxf4+ Kxb7 25. Bc6+ Kxc6 26. Rac1+ Qc5 27.
Rxc5+ Kxc5 28. Qc7+ Kd5 29. Ne5 Rc8 30. Qd7+ Kc5 31. Rc1+ Kb6 32. Qb5# 1-0

[Event "SV Bönen 1 - SV Recklinghausen-Süd 1"]
[Site "Verbandsliga - Gruppe 2 2018/"]
[Date "2019.01.20"]
[Round "5.1"]
[White "Beckmann, Klaus"]
[Black "Schlottmann, Fabian"]
[Result "0-1"]
[WhiteElo "2121"]
[BlackElo "2300"]
[PlyCount "40"]
[EventDate "2019.??.??"]

1. d4 Nf6 2. Nf3 d5 3. e3 e6 4. Bd3 Bd6 5. Nbd2 O-O 6. O-O Nbd7 7. e4 dxe4 8.
Nxe4 Nxe4 9. Bxe4 Nf6 10. Bd3 b6 11. Qe2 Bb7 12. c4 h6 13. Bd2 c5 14. dxc5 Bxc5
15. Rad1 Qc7 16. Bc3 Nh5 17. Be5 Qc6 18. Nh4 f6 19. Qxh5 fxe5 20. Qxe5 Be7 0-1

[Event "SV Bönen 1 - SV Recklinghausen-Süd 1"]
[Site "Verbandsliga - Gruppe 2 2018/"]
[Date "2019.01.20"]
[Round "5.2"]
[White "Lenz, Guntram"]
[Black "Callenberg, Ralf"]
[Result "1/2-1/2"]
[WhiteElo "1858"]
[BlackElo "1996"]
[PlyCount "100"]
[EventDate "2019.??.??"]

1. d4 Nf6 2. c4 g6 3. f3 d5 4. cxd5 Nxd5 5. e4 Nf6 6. Nc3 Bg7 7. Be3 O-O 8. Bc4
Nc6 9. Nge2 Nd7 10. Bb5 Nb6 11. Rc1 Na5 12. b3 e5 13. O-O c6 14. Ba4 exd4 15.
Bxd4 Bh6 16. f4 Qe7 17. e5 Rd8 18. Ne4 Nd5 19. Bc5 Qh4 20. g3 Qh3 21. Nf6+ Kh8
22. Nxd5 Rxd5 23. Qe1 Bg4 24. b4 b5 25. bxa5 bxa4 26. Bd6 Rc8 27. Rd1 Rb5 28.
Rf2 Rb2 29. Rd2 Rb5 30. Rc2 Bf5 31. Rc1 Rb2 32. Qc3 Rb7 33. Nd4 Be4 34. Nf3
Bxf3 35. Qxf3 Qe6 36. Rxc6 Rb5 37. Rfc2 Re8 38. Qc3 Rb1+ 39. Rc1 Qxa2 40. Rc8
Rxc1+ 41. Qxc1 Qe6 42. Rxe8+ Qxe8 43. Qc5 Qd7 44. Qd5 g5 45. Qa8+ Kg7 46. Qf8+
Kg6 47. Qg8+ Bg7 48. fxg5 Qg4 49. Qb8 Qd1+ 50. Kg2 Qe2+ 1/2-1/2

[Event "SV Bönen 1 - SV Recklinghausen-Süd 1"]
[Site "Verbandsliga - Gruppe 2 2018/"]
[Date "2019.01.20"]
[Round "5.3"]
[White "Höfker, Mathias"]
[Black "Fuest, Torsten"]
[Result "1-0"]
[WhiteElo "2078"]
[BlackElo "1871"]
[PlyCount "84"]
[EventDate "2019.??.??"]

1. d4 Nf6 2. Nf3 g6 3. c4 Bg7 4. Nc3 d6 5. e4 O-O 6. Be2 Na6 7. O-O e5 8. d5
Nc5 9. Bg5 h6 10. Bxf6 Bxf6 11. b4 Nd7 12. Nd2 Bg7 13. Nb3 f5 14. Rc1 Nf6 15.
exf5 Bxf5 16. c5 Rf7 17. Na5 Rb8 18. Nc4 Bf8 19. cxd6 cxd6 20. Ne3 Bd7 21. a3
b5 22. Qd3 Kh7 23. f4 Qe7 24. f5 g5 25. Ng4 Bg7 26. Nxf6+ Bxf6 27. Ne4 Rb7 28.
Rc3 Qd8 29. Qf3 Rf8 30. Kh1 Be8 31. Rfc1 Qe7 32. Qf1 Kg7 33. Qd1 Bf7 34. Rc6
Rd8 35. Bh5 Bg8 36. Bg6 Rbd7 37. Qd3 Rb7 38. R1c3 Rdd7 39. h3 Rd8 40. Ra6 Rc7
41. Rxc7 Qxc7 42. Rc6 a6 1-0

[Event "SV Bönen 1 - SV Recklinghausen-Süd 1"]
[Site "Verbandsliga - Gruppe 2 2018/"]
[Date "2019.01.20"]
[Round "5.4"]
[White "Merz, Martin"]
[Black "Herud, Martin"]
[Result "1-0"]
[WhiteElo "2014"]
[BlackElo "2008"]
[PlyCount "53"]
[EventDate "2019.??.??"]

1. e4 c5 2. Nf3 d6 3. Bb5+ Nd7 4. O-O a6 5. Bd3 Ngf6 6. c3 g6 7. Bc2 Bg7 8. d4
O-O 9. Re1 b5 10. e5 dxe5 11. dxe5 Ng4 12. Qd5 Qc7 13. e6 Nb6 14. exf7+ Rxf7
15. Qe4 Rxf3 16. Qxf3 Qxh2+ 17. Kf1 Qh5 18. Bf4 Ra7 19. Kg1 e5 20. Bg3 Rf7 21.
Qc6 Bb7 22. Qxb6 Bxg2 23. Qd8+ Bf8 24. Qh4 Qxh4 25. Bxh4 Bc6 26. Nd2 c4 27. Be4
1-0

[Event "SV Bönen 1 - SV Recklinghausen-Süd 1"]
[Site "Verbandsliga - Gruppe 2 2018/"]
[Date "2019.01.20"]
[Round "5.5"]
[White "Mecklenburg, Roland"]
[Black "Helmert, Jochen"]
[Result "1-0"]
[WhiteElo "1983"]
[BlackElo "1900"]
[PlyCount "67"]
[EventDate "2019.??.??"]

1. d4 Nf6 2. Bf4 e6 3. e3 c5 4. c3 Nc6 5. Nf3 d5 6. Nbd2 Bd6 7. Bg5 cxd4 8.
exd4 h6 9. Bh4 Qe7 10. Bb5 e5 11. dxe5 Bxe5 12. Qe2 Bd6 13. Bxf6 Qxe2+ 14. Kxe2
gxf6 15. Rhe1 O-O 16. Kf1 Ne5 17. Nd4 a6 18. Be2 Kg7 19. N2f3 Ng6 20. Bd3 Bg4
21. Nf5+ Bxf5 22. Bxf5 Rfe8 23. Rad1 Ne7 24. Bd7 Red8 25. Ba4 f5 26. Bb3 Kf6
27. Bxd5 Rab8 28. Bb3 Ng6 29. g3 h5 30. Kg2 f4 31. Rd5 fxg3 32. hxg3 h4 33. Ng5
Kg7 34. Nxf7 1-0

[Event "SV Bönen 1 - SV Recklinghausen-Süd 1"]
[Site "Verbandsliga - Gruppe 2 2018/"]
[Date "2019.01.20"]
[Round "5.6"]
[White "Schötz, Hans-Joachim"]
[Black "Hajra, Hetem"]
[Result "0-1"]
[WhiteElo "1883"]
[BlackElo "1937"]
[PlyCount "82"]
[EventDate "2019.??.??"]

1. e4 d5 2. exd5 Qxd5 3. Nc3 Qa5 4. d4 c6 5. Bc4 Nf6 6. h3 Bf5 7. Nge2 e6 8.
Bf4 Nd5 9. Bd2 Qc7 10. Ng3 Bg6 11. Nce4 Nd7 12. O-O N7f6 13. Re1 Be7 14. c3 O-O
15. Qf3 Rad8 16. Rad1 b5 17. Bd3 a6 18. b3 Nd7 19. c4 N5f6 20. Bf4 Qa5 21. Re2
bxc4 22. bxc4 Nh5 23. Bd2 Qa3 24. Bc1 Qa5 25. Bd2 Qa3 26. Nxh5 Bxh5 27. g4 Bg6
28. Bc1 Qa5 29. Bf4 h6 30. c5 Qb4 31. Bxa6 Bxe4 32. Qxe4 Nxc5 33. Qxc6 Rxd4 34.
Rxd4 Qxd4 35. Qf3 Nxa6 36. Rd2 Qf6 37. g5 Qf5 38. Qg3 Nc5 39. Rd4 Ne4 40. Qe3
Nxg5 41. Kh2 Bc5 0-1

[Event "SV Bönen 1 - SV Recklinghausen-Süd 1"]
[Site "Verbandsliga - Gruppe 2 2018/"]
[Date "2019.01.20"]
[Round "5.7"]
[White "Parado, Dominador"]
[Black "Mönkemeyer, Maik"]
[Result "0-1"]
[WhiteElo "1905"]
[BlackElo "1739"]
[PlyCount "96"]
[EventDate "2019.??.??"]

1. Nf3 b6 2. c4 Bb7 3. Nc3 e6 4. e4 Bb4 5. Qb3 Bxc3 6. Qxc3 Bxe4 7. Qxg7 Qf6 8.
Qg3 d6 9. d3 Bxf3 10. gxf3 Qe5+ 11. Qxe5 dxe5 12. f4 exf4 13. Bg2 c6 14. Bxf4
Ne7 15. O-O-O Nd7 16. d4 Rc8 17. Be4 Ng6 18. Bh6 Rg8 19. h4 Nf6 20. Bf3 Nf8 21.
h5 Ng4 22. Bxg4 Rxg4 23. f3 Rg3 24. f4 Nd7 25. Rdg1 Rxg1+ 26. Rxg1 Nf6 27. Rg5
c5 28. d5 exd5 29. cxd5 Rc7 30. d6 Rd7 31. Re5+ Kd8 32. Bf8 Ne8 33. Rd5 Kc8 34.
Kd2 Kb7 35. Ke2 Kc6 36. Rg5 Nxd6 37. Rg7 f5 38. h6 Ne4 39. Rg8 Rd2+ 40. Ke1
Rxb2 41. Rh8 Rxa2 42. Rxh7 a5 43. Rg7 Rh2 44. h7 Kb5 45. Be7 a4 46. Bd8 a3 47.
Ra7 a2 48. Kf1 Nc3 0-1

[Event "SV Bönen 1 - SV Recklinghausen-Süd 1"]
[Site "Verbandsliga - Gruppe 2 2018/"]
[Date "2019.01.20"]
[Round "5.8"]
[White "Wegner, Stephan"]
[Black "Stahlhofen, Thomas"]
[Result "0-1"]
[WhiteElo "1700"]
[BlackElo "1800"]
[PlyCount "61"]
[EventDate "2019.??.??"]

1. e4 c5 2. Nc3 a6 3. a4 d6 4. f4 Nf6 5. Nf3 e6 6. d3 Nc6 7. g3 g6 8. Bh3 Bg7
9. O-O O-O 10. Bd2 Rb8 11. Ne2 b5 12. axb5 axb5 13. Qe1 b4 14. c4 Bb7 15. Qf2
Nd7 16. Rfb1 Ra8 17. Rxa8 Qxa8 18. b3 Qa2 19. Qf1 Qc2 20. f5 exf5 21. exf5 Qxd3
22. fxg6 fxg6 23. Be6+ Kh8 24. Bd5 Nde5 25. Nf4 Nxf3+ 26. Qxf3 Qxb1+ 27. Kg2
Nd4 28. Qe3 Bxd5+ 29. cxd5 Nf5 30. Qe6 Qc2 31. Qe1 0-1

[Event "SF Essen-Katernberg  3 - Bochumer SV 2"]
[Site "Verbandsliga - Gruppe 2 2018/"]
[Date "2019.01.20"]
[Round "5.1"]
[White "Schneider, Bernd"]
[Black "Rosen, Willy"]
[Result "1-0"]
[WhiteElo "2272"]
[BlackElo "2084"]
[Annotator "Daniel"]
[PlyCount "61"]
[EventDate "2019.??.??"]

1. d4 Nf6 2. g3 e6 3. Bg2 c5 4. Nf3 Nc6 5. c4 cxd4 6. Nxd4 Bb4+ 7. Bd2 Qe7 8.
Nc2 Bxd2+ 9. Nxd2 d5 10. O-O O-O 11. cxd5 exd5 12. Nf3 Bf5 13. Ncd4 Be4 14. Rc1
Ne5 15. Qa4 a6 16. b3 Rac8 17. Qa5 Qd6 18. Bh3 Ned7 19. Nf5 Bxf5 20. Bxf5 g6
21. Bh3 Rfe8 22. Nd4 Qe5 23. e3 Qd6 $11 24. Rfd1 Kg7 25. Ne2 Rc5 26. Rxc5 Nxc5
27. Nf4 Re5 28. Bg2 b6 29. Qd2 Nce4 30. Qd4 Rf5 31. Bxe4 1-0

[Event "SF Essen-Katernberg  3 - Bochumer SV 2"]
[Site "Verbandsliga - Gruppe 2 2018/"]
[Date "2019.01.20"]
[Round "5.2"]
[White "Krueger, Erich"]
[Black "Kraemer, Matthias"]
[Result "1/2-1/2"]
[WhiteElo "2018"]
[BlackElo "2216"]
[PlyCount "55"]
[EventDate "2019.??.??"]

1. d4 Nf6 2. c4 g6 3. Nc3 Bg7 4. e4 d6 5. Be2 O-O 6. Bg5 h6 7. Be3 c5 8. e5
Nfd7 9. exd6 cxd4 10. Bxd4 Nf6 11. Nf3 Nc6 12. Be3 exd6 13. h3 Be6 14. O-O d5
15. c5 Ne4 16. Qc1 Kh7 17. Rd1 Nxc3 18. bxc3 Qa5 19. Nd4 Nxd4 20. Bxd4 Rfc8 21.
Bf3 b6 22. Bxg7 Kxg7 23. Bxd5 Bxd5 24. Rxd5 Rxc5 25. Rxc5 Qxc5 26. Qb2 Rc8 27.
Rc1 b5 28. Rb1 1/2-1/2

[Event "SF Essen-Katernberg  3 - Bochumer SV 2"]
[Site "Verbandsliga - Gruppe 2 2018/"]
[Date "2019.01.20"]
[Round "5.4"]
[White "Mueller-Clostermann, Bruno"]
[Black "Niekrens, Stefan"]
[Result "1/2-1/2"]
[WhiteElo "2075"]
[BlackElo "2027"]
[PlyCount "62"]
[EventDate "2019.??.??"]

1. d4 Nf6 2. c4 g6 3. g3 Bg7 4. Bg2 O-O 5. Nc3 c6 6. e4 d6 7. Nge2 Be6 8. b3
Qc8 9. O-O Bh3 10. f3 Na6 11. Be3 Bxg2 12. Kxg2 Rd8 13. Qd2 c5 14. Rac1 cxd4
15. Bxd4 Nc7 16. Nd5 Ncxd5 17. cxd5 Qd7 18. Rc4 b6 19. Rfc1 Rdc8 20. Qc3 Rxc4
21. Qxc4 h5 22. a4 Rd8 23. Qc6 Kh7 24. b4 Ne8 25. Bxg7 Nxg7 26. Nd4 Ne8 27.
Qxd7 Rxd7 28. Rc8 Nc7 29. Nc6 e6 30. Nb8 Re7 31. Nc6 Rd7 1/2-1/2

[Event "SF Essen-Katernberg  3 - Bochumer SV 2"]
[Site "Verbandsliga - Gruppe 2 2018/"]
[Date "2019.01.20"]
[Round "5.5"]
[White "Hinkmann, Jens"]
[Black "Geerlings, Gerd"]
[Result "1-0"]
[WhiteElo "2009"]
[BlackElo "2024"]
[PlyCount "35"]
[EventDate "2019.??.??"]

1. e4 c5 2. Nf3 Nf6 3. e5 Nd5 4. Nc3 e6 5. Nxd5 exd5 6. d4 d6 7. Bb5+ Bd7 8.
Bxd7+ Qxd7 9. O-O Be7 10. exd6 Qxd6 11. dxc5 Qxc5 12. Be3 Qd6 13. Nd4 Qd7 14.
Qf3 O-O 15. Nf5 Bf6 16. Rad1 Rd8 17. Nh6+ Kh8 18. Bd4 1-0

[Event "SF Essen-Katernberg  3 - Bochumer SV 2"]
[Site "Verbandsliga - Gruppe 2 2018/"]
[Date "2019.01.20"]
[Round "5.6"]
[White "Riesenbeck, Juergen"]
[Black "Goralski, Christian"]
[Result "1-0"]
[WhiteElo "2008"]
[BlackElo "1967"]
[PlyCount "71"]
[EventDate "2019.??.??"]

1. d4 d5 2. Bf4 Nf6 3. e3 c5 4. dxc5 Qa5+ 5. Nc3 Nc6 6. Bb5 a6 7. Bxc6+ bxc6 8.
Nf3 Ne4 9. Qd4 f6 10. b4 Qd8 11. Nxe4 e5 12. Nxe5 fxe5 13. Qxe5+ Kf7 14. Ng5+
Kg8 15. Ne6 Qe7 16. Nd4 Qxe5 17. Bxe5 Bd7 18. O-O Be7 19. a4 Kf7 20. Rfd1 Ra7
21. b5 axb5 22. axb5 Rxa1 23. Rxa1 Bxc5 24. Nxc6 Rc8 25. Ra6 Bf5 26. Bd4 Bf8
27. c3 Rc7 28. h3 Bc8 29. Ra7 Rxa7 30. Nxa7 Bb7 31. Nc6 Bxc6 32. bxc6 Bd6 33.
f4 g6 34. Be5 Bxe5 35. fxe5 Ke6 36. Kf2 1-0

[Event "SF Essen-Katernberg  3 - Bochumer SV 2"]
[Site "Verbandsliga - Gruppe 2 2018/"]
[Date "2019.01.20"]
[Round "5.7"]
[White "Peters, Olaf"]
[Black "Gehrmann, Ulrich"]
[Result "1/2-1/2"]
[WhiteElo "1904"]
[BlackElo "1964"]
[PlyCount "43"]
[EventDate "2019.??.??"]

1. c4 e6 2. e4 d5 3. cxd5 exd5 4. exd5 Nf6 5. Bb5+ Nbd7 6. Nc3 a6 7. Be2 Bd6 8.
Nf3 O-O 9. d4 b5 10. a3 Re8 11. O-O h6 12. h3 Nb6 13. Nh2 Nbxd5 14. Ng4 Nxc3
15. bxc3 Nxg4 16. Bxg4 Qh4 17. Bxc8 Raxc8 18. Re1 c5 19. Rxe8+ Rxe8 20. Be3
cxd4 21. Qxd4 Qxd4 22. Bxd4 1/2-1/2

[Event "SF Essen-Katernberg  3 - Bochumer SV 2"]
[Site "Verbandsliga - Gruppe 2 2018/"]
[Date "2019.01.20"]
[Round "5.8"]
[White "Sauer, Bernd"]
[Black "Bautz, Volker"]
[Result "1-0"]
[WhiteElo "1919"]
[BlackElo "1865"]
[PlyCount "95"]
[EventDate "2019.??.??"]

1. d4 c5 2. d5 e5 3. c4 d6 4. Nc3 Be7 5. e4 a6 6. Be2 f5 7. f4 exf4 8. Bxf4 Bg5
9. Bxg5 Qxg5 10. Nf3 Qe7 11. e5 dxe5 12. d6 Qf6 13. Qd5 Nd7 14. O-O Rb8 15.
Rae1 b6 16. Nxe5 Nxe5 17. Bh5+ g6 18. Rxe5+ Kd8 19. Ne4 Qg7 20. Re7 Nxe7 21.
dxe7+ Kxe7 22. Qd6+ Kf7 23. Ng5+ Kg8 24. Qxb8 Qd4+ 25. Rf2 Kg7 26. Be2 Re8 27.
Qc7+ Qd7 28. Qxd7+ Bxd7 29. Bf1 h6 30. Nf3 Kf6 31. Rd2 Bc6 32. Rd6+ Re6 33.
Rxe6+ Kxe6 34. Kf2 b5 35. Bd3 g5 36. Nd2 Ke5 37. Nb3 Kd6 38. Bxf5 bxc4 39. Nd2
Bd5 40. Nb1 Ke5 41. Bg4 Kd6 42. Nc3 Bc6 43. Bf3 Bd7 44. Ke2 Bf5 45. Kd2 Be6 46.
Ne2 Ke5 47. Ke3 Bc8 48. Nc3 1-0

[Event "SF Werden - SF Buer"]
[Site "?"]
[Date "2019.01.20"]
[Round "5"]
[White "Große-Frintrop, Gerd"]
[Black "Kaufeld, Jürgen"]
[Result "1-0"]
[WhiteElo "2003"]
[BlackElo "2213"]
[PlyCount "93"]

1. d4 Nf6 2. c4 g6 3. Nc3 d5 4. cxd5 Nxd5 5. e4 Nxc3 6. bxc3 Bg7 7. Qa4+ Qd7 8.
Qb3 O-O 9. Nf3 Nc6 10. Be3 Na5 11. Qa3 b6 12. Bd3 Bb7 13. Rd1 f5 14. d5 fxe4
15. Bxe4 Qg4 16. Qb4 Ba6 17. d6 Bxc3+ 18. Qxc3 Qxe4 19. d7 c5 20. h4 h6 21. Rh3
Rad8 22. Rg3 Rf6 23. h5 g5 24. Nxg5 hxg5 25. Rxg5+ Kh7 26. Re5 Qg4 27. Qc2+ Kh8
28. Rxe7 Qxh5 29. Rd5 Qh1+ 30. Kd2 Nc4+ 31. Kc3 Qe1+ 32. Rd2 Qa1+ 33. Kb3 Nxd2+
34. Bxd2 Qh1 35. Bc3 Kg8 36. Bxf6 c4+ 37. Kb2 Qh5 38. g4 c3+ 39. Bxc3 Qb5+ 40.
Kc1 Qg5+ 41. Re3 Rxd7 42. Qe4 Bb5 43. Qe8+ Kh7 44. Qh8+ Kg6 45. Kc2 Bc4 46.
Qe8+ Rf7 47. Qg8+ 1-0

[Event "SF Werden - SF Buer"]
[Site "?"]
[Date "2019.01.20"]
[Round "5"]
[White "Roth, Markus"]
[Black "Renk, Christoph"]
[Result "1-0"]
[WhiteElo "2171"]
[BlackElo "1953"]
[PlyCount "45"]

1. Nf3 g6 2. c4 Bg7 3. g3 Nf6 4. Bg2 d6 5. d4 O-O 6. Nc3 Nc6 7. O-O Bg4 8. h3
Bxf3 9. exf3 e5 10. dxe5 Nxe5 11. b3 Rb8 12. Bb2 a6 13. f4 Ned7 14. Qc2 b5 15.
cxb5 axb5 16. Rad1 b4 17. Ne2 Nc5 18. Nd4 Rb6 19. Nc6 Qd7 20. Bxf6 Rxc6 21.
Bxc6 Qxc6 22. Bxg7 Kxg7 23. Rfe1 1-0

[Event "SF Werden - SF Buer"]
[Site "?"]
[Date "2019.01.20"]
[Round "5"]
[White "Schorra, Helmut"]
[Black "ter Steeg, Marcus"]
[Result "1-0"]
[WhiteElo "2035"]
[BlackElo "2068"]
[PlyCount "77"]

1. d4 Nf6 2. c4 g6 3. g3 Bg7 4. Bg2 O-O 5. Nf3 d6 6. O-O Nc6 7. Nc3 a6 8. d5
Na5 9. Qd3 c5 10. Rb1 Bf5 11. e4 Bd7 12. h3 b5 13. b3 b4 14. Ne2 Nxe4 15. Qxe4
Bf5 16. Qh4 Bxb1 17. Bh6 Bf6 18. Ng5 Bd3 19. Re1 Bxe2 20. Rxe2 Re8 21. Qf4 Qd7
22. g4 Nb7 23. h4 Nd8 24. h5 Be5 25. Rxe5 dxe5 26. Qxe5 f6 27. Qe4 Qd6 28. Nxh7
f5 29. Qe3 Kxh7 30. Bf4 e5 31. hxg6+ Qxg6 32. Qh3+ Kg7 33. gxf5 Qh7 34. Qg3+
Kh8 35. Bxe5+ Rxe5 36. Qxe5+ Qg7 37. f6 Qg6 38. f7+ Qg7 39. f8=Q+ 1-0

[Event "SF Werden - SF Buer"]
[Site "?"]
[Date "2019.01.20"]
[Round "5"]
[White "Berger, Konstantin"]
[Black "Wilbert, Siegfried"]
[Result "1-0"]
[WhiteElo "1969"]
[BlackElo "2059"]
[PlyCount "53"]

1. e4 c5 2. Nf3 d6 3. Bb5+ Bd7 4. Bxd7+ Qxd7 5. c4 e5 6. Nc3 Nc6 7. a3 Nge7 8.
O-O f5 9. d3 Nd4 10. b4 b6 11. b5 g6 12. Bg5 Bg7 13. Bxe7 Qxe7 14. Nd5 Qd8 15.
Nxd4 cxd4 16. exf5 O-O 17. fxg6 h6 18. Qg4 a6 19. bxa6 Rxa6 20. Rfb1 Re8 21. f3
Bf6 22. Rb3 Bg5 23. Rab1 Kg7 24. Rxb6 Rxb6 25. Rxb6 e4 26. Rb7+ Kg8 27. Qf5 1-0